00629nam a2200193Ia 450000500170000000800460001703700120006304000210007504100130009608400220010910000350013124500170016626000490018330000090023265000460024194200220028799900210030995201050033020250508150206.0008 250505s9999 xx 000 0 eng d aTextual aFEDL bengcFEDL aeng2eng a371.26, BALqFEDL aBallard Philip Boswood9140114 0aNew examiner aLondon, UKbUniversity of London Pressc1946 a269p aEducational Test and Measurements9577435 cTEXLh371.26, BAL c1322299d1322299 00104070aFEDLbFEDLd2025-05-08l0o371.26, BALpEL0001080r2025-05-08 15:02:06w2025-05-08yTEXL